000 00628nam a22001697a 4500
999 _c57819
_d57819
005 20210419165014.0
008 201221c2020 ge ||||| |||| 00| 0 geo d
022 _a01349848
041 _ageo
245 _aახალი საუნჯე :
_b2020 /
_cმთ. რედაქტორი შოთა იაშვილი.
260 _aთბილისი :
_bსაუნჯე,
_c2020.
300 _a80 სმ.
_b30 სმ.
653 _aპერიოდიკა
653 _aახალი საუნჯე
700 _aიაშვილი,შოთა
_eრედაქტორი
_99936
942 _2udc
_cCR